| 000 | 01183nac a22003017a 4500 | ||
|---|---|---|---|
| 001 | BR8501904 | ||
| 003 | BR-BrBNA | ||
| 005 | 20240105120301.0 | ||
| 008 | 230509b bl.|||m| |||| 00| 0 por d | ||
| 040 |
_aBR-BrBNA _bpor _cBiblioteca Nacional de Agricultura |
||
| 072 | _aH10 | ||
| 090 | _a0230 BR8501904 | ||
| 100 | 1 | _aQuindere, M.A.W. | |
| 100 | 1 | _aCarlos Filho, F. | |
| 110 | 1 | _aEmpresa de Pesquisa Agropecuaria do Ceara, Fortaleza (Brasil) | |
| 245 | 1 | _aInfestacao da broca (Diatraea spp.)em cana-de-acucar, sob influencia de variedades, adubacao e epoca de colheita - resultados para cana soca, em Barbalha - Ceara [Brasil] | |
| 246 | 1 | _aInfestation of borer (Diatraea spp.)in sugarcane, under influence of varieties, fertilization and harvesting period - results for ratoon in Barbalha - Ceara [Brazil] | |
| 260 | 3 |
_aFortaleza, CE (Brasil): _c1984. |
|
| 300 | _a12 p. | ||
| 490 |
_aBoletim de Pesquisa - Empresa de Pesquisa Agropecuaria do Ceara (Brazil) _vno. 7 _x |
||
| 500 | _a6 ref. | ||
| 650 | _aBARBALHA | ||
| 650 | _aCEARA | ||
| 650 | _aCANA DE ACUCAR | ||
| 650 | _aBROCA | ||
| 909 |
_a202312 _bLúcia Elande _c55 _dLúcia Elande |
||
| 942 |
_2AGRIS _n0 _cMS |
||
| 999 |
_c278664 _d278664 |
||